Tramwaje w Poznaniu - Linia 1 - Statystyki

Ogólne statystyki
  • Ten quiz został rozwiązany 32 razy
  • Średni wynik to 27 z 31
Statystyki odpowiedzi
# Przystanek % Poprawnych
31 Franowo
100%
1 Junikowo
100%
12 Arena
93%
4 Budziszyńska
93%
13 Arciszewskiego
89%
14 Głogowska/Hetmańska
89%
28 Piaśnicka/ Kurlandzka
89%
27 Piaśnicka/Rynek
89%
17 Rolna
89%
19 Rondo Starołęka
89%
20 Rondo Starołęka
89%
21 Rondo Żegrze
89%
22 Rondo Żegrze
89%
7 Stadion Miejski
89%
30 Szwajcarska
89%
29 Szwedzka
89%
23 Żegrze I
89%
24 Żegrze II
89%
25 Żegrze III
89%
2 Cmentarna
85%
15 Kolejowa
85%
26 Os. Czecha
85%
8 Drzewieckiego
81%
18 Hetmańska Wiadukt
81%
11 Rondo Nowaka-Jeziorańskiego
81%
16 Traugutta
81%
5 Rondo Skubiszewskiego
78%
9 Grochowska
74%
10 Ostroroga
74%
6 Węgorka
74%
3 Grotkowska
67%
Nie znaleziono quizów pasujących do podanych kryteriów
Rozkład punktacji
Procent ludzi z każdym wynikiem
Percentyl według liczby udzielonych odpowiedzi
Twoja historia wyników
Nie rozwiązałeś tego quizu